Electrical Machines : Direct and alernating current (Record no. 3042)

000 -LEADER
fixed length control field 00376nam a2200133Ia 4500
008 - FIXED-LENGTH DATA ELEMENTS--GENERAL INFORMATION
fixed length control field 200103s 1959 ||||xx |||||||||||||| ||und||
082 ## - DEWEY DECIMAL CLASSIFICATION NUMBER
Classification number 621.031
Item number SIS
100 ## - MAIN ENTRY--PERSONAL NAME
Personal name Siskind, Charles S.
245 #0 - TITLE STATEMENT
Title Electrical Machines : Direct and alernating current
250 ## - EDITION STATEMENT
Edition statement 2nd Ed.
260 ## - PUBLICATION, DISTRIBUTION, ETC. (IMPRINT)
Name of publisher, distributor, etc McGraw-Hill Book Company
Date of publication, distribution, etc 1959
Place of publication, distribution, etc New York
300 ## - PHYSICAL DESCRIPTION
Extent ix, 563p.
942 ## - ADDED ENTRY ELEMENTS (KOHA)
Item type Books
Holdings
Withdrawn status Lost status Source of classification or shelving scheme Damaged status Not for loan Collection code Permanent location Current location Shelving location Date acquired Full call number Barcode Date last seen Koha item type Public note
          Non-fiction IMU-MPC Library IMU-MPC Library General Stacks 2020-01-08 621.031 SIS LBS2138 2025-03-17 Books Column-3
Copyright © 2021 Indian Maritime University, Mumbai Port Campus. All Rights Reserved. Managed & Maintained by Central Library, IMU-Mumbai

webs counters

Powered by Koha